| 000 | 01122cam a2200313 a 4500 | ||
|---|---|---|---|
| 001 | 579649 | ||
| 003 | OSt | ||
| 005 | 20140310182150.0 | ||
| 008 | 900717s1991 nyu b 000 1 eng | ||
| 010 | _a 90007798 | ||
| 020 |
_a0140390782 : _c$6.95 ($9.95) |
||
| 040 |
_aDLC _cDLC _dDLC |
||
| 050 | 0 | 0 |
_aPS 1294 _b.C63A76 1991 |
| 082 | 0 | 0 |
_aHS 808.8381 _bC45 1991 |
| 100 | 1 |
_aChopin, Kate, _d1850-1904. _915696 |
|
| 245 | 1 | 2 |
_aA vocation and a voice : _bstories / _cKate Chopin ; edited and with an introduction and notes by Emily Toth. |
| 260 |
_aNew York, N.Y., U.S.A. : _bPenguin Books, _cc1991. |
||
| 300 |
_axxxiv, 202 p. ; _c20 cm. |
||
| 490 | 0 | _aPenguin classics | |
| 500 | _a"A Penguin original"--Cover. | ||
| 504 | _aIncludes bibliographical references (p. xxvii-xxxi). | ||
| 541 | _j1 | ||
| 562 | _e1 | ||
| 650 |
_aLouisiana. _xSocial life and customs. _xFiction. _915697 |
||
| 700 | 1 |
_aToth, Emily. _915698 |
|
| 856 | 4 | 2 |
_3Contributor biographical information _uhttp://www.loc.gov/catdir/enhancements/fy1206/90007798-b.html |
| 906 |
_a7 _bcbc _corignew _d1 _eocip _f19 _gy-gencatlg |
||
| 942 |
_2lcc _cHS |
||
| 999 |
_c9994 _d9994 |
||